Managing arms in peace processes: Croatia and Bosnia Herzegovina

Salvato in:
Dettagli Bibliografici
Autori principali: Ekwall Uebelhart, Barbara (Autore), Raevsky, Andrei (Autore)
Natura: Libro
Lingua:inglese
Pubblicazione: Nueva York UNIDIR 1996
Soggetti:
Tags: Aggiungi Tag
Nessun Tag, puoi essere il primo ad aggiungerne!!

MARC

LEADER 00000nam a2200000 a 4500
001 UCT1119
003 CL-VaPUC
008 960927e19960000US |||||||||||||||||eng|d
082 0 4 |a 327.172  |b EKW  |2 21 
100 0 |a Ekwall Uebelhart, Barbara  |e author  |9 369903 
700 0 |a Raevsky, Andrei  |e author  |9 369904 
245 1 0 |a Managing arms in peace processes: Croatia and Bosnia Herzegovina 
300 |a 421 p 
942 |c BK 
945 |d 19960927 00:00:00  |a rleighto 
260 |a Nueva York  |b UNIDIR  |c 1996 
500 |a Disarmament and Conflict Resolution Project 
650 0 |a Armas   |9 318202 
650 0 |a Paz  |9 259242 
650 0 |a Guerra  |9 255876 
650 0 |a Desarme  |9 255227 
651 7 |a CROACIA  |2 CL-VaPUC  |9 369905 
651 7 |a BOSNIA Y HERZEGOVINA  |2 CL-VaPUC  |9 369906 
583 |a last modification  |c 19960927 00:00:00  |k Rodrigo Vera 
999 |c 251771  |d 251769 
952 |0 0  |1 0  |4 0  |6 327_172000000000000_EKW_1996  |7 0  |8 A  |9 271161  |a BIBHIS  |b BIBHIS  |d 2019-11-19  |i 3232484  |o 327.172 EKW 1996  |p 3232484  |r 2025-01-20  |w 2019-11-19  |y BK  |k HIS